| 000 | 02369cam a22004814i 4500 | ||
|---|---|---|---|
| 003 | PE-LiUPU | ||
| 005 | 20250731165530.0 | ||
| 008 | 150623s r 000 0 d | ||
| 035 | _a(Sirsi) a29556 | ||
| 035 | _a(Sirsi) a29556 | ||
| 040 |
_aPE-LiUPU _bspa _cPE-LiUPU _erda |
||
| 100 | 1 |
_aVargas Ugarte, Rubén, _eautor. |
|
| 245 | 1 | 0 |
_aHistoria de la iglesia en el Perú (1570-1640). _n2 / _cRubén Vargas Ugarte. |
| 264 | 1 |
_aLima, Perú : _bEditorial Burgos, _c1959. |
|
| 300 |
_a556 páginas ; _c22 cm. |
||
| 336 |
_atext _2rdacontent |
||
| 337 |
_aunmediated _2rdamedia |
||
| 338 |
_avolume _2rdacarrier |
||
| 505 | 0 | _aExpansión de la iglesia a fines del XVI. -Santo Toribio y el tercer concilio limense. -Visita de la arquidiócesis. -Las diócesis sufragáneas. -Los cabildos eclesiásticos. -El clero parroquial. -Las ordenes religiosas. -La iglesia y el poder civil. -La arquidiócesis de 1609 a 1629. -Don Hernando Arias de Ugarte. -Nuevos diócesis. -Las diócesis sufragáneas. -Obra santificadora de la iglesia. -la iglesia y las obras de caridad. | |
| 526 | _aSEG44 | ||
| 526 | _aSEG26 | ||
| 526 | _aP151 | ||
| 526 | _aP150 | ||
| 526 | _aP149 | ||
| 526 | _aP146 | ||
| 526 | _aP145 | ||
| 526 | _aP126 | ||
| 526 | _aP125 | ||
| 526 | _aP92 | ||
| 526 | _aP75 | ||
| 526 | _aP74 | ||
| 526 | _aP27 | ||
| 526 | _aP15 | ||
| 942 |
_2ddc _cBOOK |
||
| 949 |
_aRC 270.985 V32 2 _wDEWEY _c1 _i20629 _lCCODEBUL1 _mBUL _r0 _sY _tBOOK _u2015-6-24 _xBIBLIOTECA _zUNKNOWN _0COMPRA _o.CIRCNOTE. No olvidar cambiar la fecha de devolución!!!!!!! _o.STAFF. Colección General |
||
| 949 |
_aRC 270.985 V32 2 _wDEWEY _c2 _i19133 _lRC _mBUL _r0 _sY _tBOOK _u2015-6-24 _xTEOLOGIA _PP35 _0COMPRA _o.CIRCNOTE. No olvidar cambiar la fecha de devolución!!!!!!! _o.STAFF. Colección General |
||
| 994 |
_aC0 _bPEPRU |
||
| 596 | _a1 | ||
| 999 |
_aRC 270.985 V32 2 _wDEWEY _c36925 _i20629 _d36925 _f2021-11-12 _g4 _lCCODEBUL1 _mBUL _q1 _r1 _sY _tBOOK _u2015-6-24 _xTEOLOGIA _zUNKNOWN _0COMPRA _o.CIRCNOTE. No olvidar cambiar la fecha de devolución!!!!!!! _o.STAFF. Colección General |
||
| 999 |
_aRC 270.985 V32 2 _wDEWEY _c2 _i19133 _d2018-5-2 _f2021-11-8 _g6 _lCCODEBUL1 _mBUL _q1 _r1 _sY _tBOOK _u2015-6-24 _xTEOLOGIA _PP35 _0COMPRA _o.CIRCNOTE. No olvidar cambiar la fecha de devolución!!!!!!! _o.STAFF. Colección General |
||
| 980 |
_81 _gALBERTO SANCHEZ Responsable de Automatización |
||